000 00312nam a22001337a 4500
008 171102b xxu||||| |||| 00| 0 eng d
020 _a9780674789951
041 _aeng
080 _a530.14
100 _a59
101 _aKAP
245 _aTHE DYNAMICS OF INDUSTRIAL CAPITALISM
_cCHANDLER,A.D
942 _2udc
_cBK
999 _c37205
_d37205